<?xml version="1.0" encoding="UTF-8"?><?xml-stylesheet type="text/xsl" href="static/style.xsl"?><OAI-PMH xmlns="http://www.openarchives.org/OAI/2.0/" xmlns:xsi="http://www.w3.org/2001/XMLSchema-instance" xsi:schemaLocation="http://www.openarchives.org/OAI/2.0/ http://www.openarchives.org/OAI/2.0/OAI-PMH.xsd"><responseDate>2026-04-13T07:12:16Z</responseDate><request verb="GetRecord" identifier="oai:www.recercat.cat:2445/173978" metadataPrefix="marc">https://recercat.cat/oai/request</request><GetRecord><record><header><identifier>oai:recercat.cat:2445/173978</identifier><datestamp>2025-12-05T09:46:01Z</datestamp><setSpec>com_2072_1057</setSpec><setSpec>col_2072_478778</setSpec><setSpec>col_2072_478917</setSpec></header><metadata><record xmlns="http://www.loc.gov/MARC21/slim" xmlns:dcterms="http://purl.org/dc/terms/" xmlns:xsi="http://www.w3.org/2001/XMLSchema-instance" xmlns:doc="http://www.lyncode.com/xoai" xsi:schemaLocation="http://www.loc.gov/MARC21/slim http://www.loc.gov/standards/marcxml/schema/MARC21slim.xsd">
   <leader>00925njm 22002777a 4500</leader>
   <datafield ind2=" " ind1=" " tag="042">
      <subfield code="a">dc</subfield>
   </datafield>
   <datafield ind2=" " ind1=" " tag="720">
      <subfield code="a">Camarero Martínez, Jesús Julio</subfield>
      <subfield code="e">author</subfield>
   </datafield>
   <datafield ind2=" " ind1=" " tag="720">
      <subfield code="a">Ribas, Montse</subfield>
      <subfield code="e">author</subfield>
   </datafield>
   <datafield ind2=" " ind1=" " tag="720">
      <subfield code="a">Gutiérrez Merino, Emilia</subfield>
      <subfield code="e">author</subfield>
   </datafield>
   <datafield ind2=" " ind1=" " tag="720">
      <subfield code="a">Sangüesa-Barreda, Gabriel</subfield>
      <subfield code="e">author</subfield>
   </datafield>
   <datafield ind2=" " ind1=" " tag="720">
      <subfield code="a">Galván, Juan Diego</subfield>
      <subfield code="e">author</subfield>
   </datafield>
   <datafield ind2=" " ind1=" " tag="260">
      <subfield code="c">2021-02-17T14:26:55Z</subfield>
   </datafield>
   <datafield ind2=" " ind1=" " tag="260">
      <subfield code="c">2021-02-17T14:26:55Z</subfield>
   </datafield>
   <datafield ind2=" " ind1=" " tag="260">
      <subfield code="c">2019</subfield>
   </datafield>
   <datafield ind2=" " ind1=" " tag="260">
      <subfield code="c">2021-02-17T14:26:55Z</subfield>
   </datafield>
   <datafield ind2=" " ind1=" " tag="520">
      <subfield code="a">Los bosques viejos capturan carbono durante siglos y constituyen un valioso elemento ecológico albergando árboles longevos y representando reservorios de biodiversidad y de elementos paisajísticos y estéticos únicos. Aquí abordamos su estudio centrándonos en la búsqueda de árboles viejos. Para ello medimos los árboles y determinamos su tamaño y contando los anillos anuales de crecimiento obtuvimos su edad. Analizamos los bosques de alta montaña de pino negro (Pinus uncinata) situados en los Pirineos y el Sistema Ibérico poniendo especial énfasis en los dos Parques Nacionales pirenaicos (Aigüestortes i Estany de Sant Maurici PNAESM, Ordesa y Monte PerdidoPNOMP). Esta especie domina en áreas de alta montaña (1800-2300 m) y habitualmente muestra tasas de crecimiento radial bajas y longevidades elevadas. El diámetro medio del total de árboles muestreados (n = 665 individuos) fue de 58,0 cm, su altura fue de 8,9 m y su edad de 327 años. Las edades máximas encontradas en PNAESM, PNOMP, Pirineos y Sistema Ibérico fueron de 1070 (Estany Negre), 669 (Senda de Cazadores), 649 (Larra) y 628 (Castillo de Vinuesa) años. Los parques nacionales pirenaicos pero también otras zonas con otras figuras de protección albergan árboles y bosques centenarios que deberían ser adecuadamente estudiados, gestionados y conservados.</subfield>
   </datafield>
   <datafield tag="653" ind2=" " ind1=" ">
      <subfield code="a">Boscos</subfield>
   </datafield>
   <datafield tag="653" ind2=" " ind1=" ">
      <subfield code="a">Península Ibèrica</subfield>
   </datafield>
   <datafield tag="653" ind2=" " ind1=" ">
      <subfield code="a">Ecologia de les muntanyes</subfield>
   </datafield>
   <datafield tag="653" ind2=" " ind1=" ">
      <subfield code="a">Forests</subfield>
   </datafield>
   <datafield tag="653" ind2=" " ind1=" ">
      <subfield code="a">Iberian Peninsula</subfield>
   </datafield>
   <datafield tag="653" ind2=" " ind1=" ">
      <subfield code="a">Mountain ecology</subfield>
   </datafield>
   <datafield ind2="0" ind1="0" tag="245">
      <subfield code="a">Los bosques ibéricos de alta montaña albergan árboles viejos</subfield>
   </datafield>
</record></metadata></record></GetRecord></OAI-PMH>